000 00890nas a2200289 4500
001 BR2013001474
003 BR-BrBNA
005 20231205121943.0
007 ta
008 230509b bl.|||p| |||| 00| 00por d
040 _aBR-BrBNA
_bpor
_cBiblioteca Nacional de Agricultura
041 _a(Pt)
072 _aL74
100 1 _aVale, W.G.
100 1 _aSouza, J.S.
100 1 _aOhashi, O.M.
100 1 _aRibeiro, H.F.L.
245 1 _aAnomalias do desenvolvimento do sistema genital tubular de búfalas (Bubalus bubalis)abatidas em matadouro
650 _aBÚFALO
650 _aFÊMEA
650 _aAPARELHO REPRODUTOR
650 _aOVIDUTO
650 _aDISTÚRBIO FISIOLÓGICO
773 0 _tPesquisa Veterinária Brasileira (Brazil)
_xISSN 0100-736X
_g(Jul-Sep 1981), v. 1(3) p. 101-104
_wBR2013001474
909 _a202311
_bLúcia
_c55
_dLúcia Elande
942 _2AGRIS
_n0
_cANA
999 _c226125
_d226125